00681nam a2200241 a 4500001001300000003000900013005001700022008004100039020001000080082001800090100001800108245004600126260003900172300000800211500003500219505002100254650001800275700001800293902000800311942000700319952009800326999001500424nice12345678IN_TiNIC20260116011813.0050524s1934 tura grp 000 0 eng  ac10000a220.9505bHER aHermansson, O aPadshahning Tyshib Raja`s Dream, Turkish aTurkibMission Press Kashgarc1934 a20p aincludes index and biblioraphy2 aTurkish language aBible Stories1 aHermansson, O bSRS cBK 00104070aHMIbHMId2007-06-18g100.00l0o220.9505 HERp5369r2007-06-18w2026-01-16yARB c4089d4089